<?xml version="1.0" encoding="UTF-8"?><marc:collection xmlns:marc="http://www.loc.gov/MARC21/slim">
  <marc:record>
    <marc:leader>06441nam a2201045uc 4500</marc:leader>
    <marc:controlfield tag="001">119217593X</marc:controlfield>
    <marc:controlfield tag="003">DE-101</marc:controlfield>
    <marc:controlfield tag="005">20250801082728.0</marc:controlfield>
    <marc:controlfield tag="007">cr||||||||||||</marc:controlfield>
    <marc:controlfield tag="008">190804s1985    gw |||||o|||| 00||||ger  </marc:controlfield>
    <marc:datafield tag="015" ind1=" " ind2=" ">
      <marc:subfield code="a">19,O09</marc:subfield>
      <marc:subfield code="2">dnb</marc:subfield>
    </marc:datafield>
    <marc:datafield tag="016" ind1="7" ind2=" ">
      <marc:subfield code="2">DE-101</marc:subfield>
      <marc:subfield code="a">119217593X</marc:subfield>
    </marc:datafield>
    <marc:datafield tag="020" ind1=" " ind2=" ">
      <marc:subfield code="a">3593335026</marc:subfield>
      <marc:subfield code="9">3-593-33502-6</marc:subfield>
    </marc:datafield>
    <marc:datafield tag="024" ind1="7" ind2=" ">
      <marc:subfield code="2">urn</marc:subfield>
      <marc:subfield code="a">urn:nbn:de:0168-ssoar-27761</marc:subfield>
    </marc:datafield>
    <marc:datafield tag="024" ind1="8" ind2=" ">
      <marc:subfield code="a">oai:gesis.izsoz.de:document/2776</marc:subfield>
    </marc:datafield>
    <marc:datafield tag="035" ind1=" " ind2=" ">
      <marc:subfield code="a">(DE-599)DNB119217593X</marc:subfield>
    </marc:datafield>
    <marc:datafield tag="035" ind1=" " ind2=" ">
      <marc:subfield code="a">(OCoLC)1190153837</marc:subfield>
    </marc:datafield>
    <marc:datafield tag="040" ind1=" " ind2=" ">
      <marc:subfield code="a">1240</marc:subfield>
      <marc:subfield code="b">ger</marc:subfield>
      <marc:subfield code="c">DE-101</marc:subfield>
      <marc:subfield code="d">9999</marc:subfield>
    </marc:datafield>
    <marc:datafield tag="041" ind1=" " ind2=" ">
      <marc:subfield code="a">ger</marc:subfield>
    </marc:datafield>
    <marc:datafield tag="044" ind1=" " ind2=" ">
      <marc:subfield code="c">XA-DE-BW</marc:subfield>
    </marc:datafield>
    <marc:datafield tag="082" ind1="7" ind2="4">
      <marc:subfield code="8">14\p</marc:subfield>
      <marc:subfield code="a">306.3</marc:subfield>
      <marc:subfield code="q">DE-101</marc:subfield>
      <marc:subfield code="2">23kdnb</marc:subfield>
    </marc:datafield>
    <marc:datafield tag="084" ind1=" " ind2=" ">
      <marc:subfield code="a">300</marc:subfield>
      <marc:subfield code="a">330</marc:subfield>
      <marc:subfield code="q">DE-101</marc:subfield>
      <marc:subfield code="2">sdnb</marc:subfield>
    </marc:datafield>
    <marc:datafield tag="084" ind1=" " ind2=" ">
      <marc:subfield code="a">300</marc:subfield>
      <marc:subfield code="a">301</marc:subfield>
      <marc:subfield code="2">sdnb</marc:subfield>
    </marc:datafield>
    <marc:datafield tag="100" ind1="1" ind2=" ">
      <marc:subfield code="8">2\p</marc:subfield>
      <marc:subfield code="0">(DE-588)118026836</marc:subfield>
      <marc:subfield code="0">https://d-nb.info/gnd/118026836</marc:subfield>
      <marc:subfield code="0">(DE-101)118026836</marc:subfield>
      <marc:subfield code="a">Alheit, Peter</marc:subfield>
      <marc:subfield code="d">1946-</marc:subfield>
      <marc:subfield code="e">Verfasser</marc:subfield>
      <marc:subfield code="4">aut</marc:subfield>
      <marc:subfield code="2">gnd</marc:subfield>
    </marc:datafield>
    <marc:datafield tag="245" ind1="1" ind2="0">
      <marc:subfield code="a">Arbeitsleben: eine qualitative Untersuchung von Arbeiterlebensgeschichten</marc:subfield>
    </marc:datafield>
    <marc:datafield tag="246" ind1="3" ind2=" ">
      <marc:subfield code="a">Working life: a qualitative investigation on stories of workers' lives</marc:subfield>
    </marc:datafield>
    <marc:datafield tag="264" ind1=" " ind2="1">
      <marc:subfield code="a">Frankfurt am Main</marc:subfield>
      <marc:subfield code="b">Campus Verl</marc:subfield>
      <marc:subfield code="c">1985</marc:subfield>
    </marc:datafield>
    <marc:datafield tag="300" ind1=" " ind2=" ">
      <marc:subfield code="a">Online-Ressource, 322 S.</marc:subfield>
    </marc:datafield>
    <marc:datafield tag="336" ind1=" " ind2=" ">
      <marc:subfield code="a">Text</marc:subfield>
      <marc:subfield code="b">txt</marc:subfield>
      <marc:subfield code="2">rdacontent</marc:subfield>
    </marc:datafield>
    <marc:datafield tag="337" ind1=" " ind2=" ">
      <marc:subfield code="a">Computermedien</marc:subfield>
      <marc:subfield code="b">c</marc:subfield>
      <marc:subfield code="2">rdamedia</marc:subfield>
    </marc:datafield>
    <marc:datafield tag="338" ind1=" " ind2=" ">
      <marc:subfield code="a">Online-Ressource</marc:subfield>
      <marc:subfield code="b">cr</marc:subfield>
      <marc:subfield code="2">rdacarrier</marc:subfield>
    </marc:datafield>
    <marc:datafield tag="500" ind1=" " ind2=" ">
      <marc:subfield code="a">Veröffentlichungsversion</marc:subfield>
    </marc:datafield>
    <marc:datafield tag="500" ind1=" " ind2=" ">
      <marc:subfield code="a">begutachtet</marc:subfield>
    </marc:datafield>
    <marc:datafield tag="506" ind1=" " ind2=" ">
      <marc:subfield code="a">Open Access unbekannt</marc:subfield>
      <marc:subfield code="f">Restrictions unspecified</marc:subfield>
      <marc:subfield code="2">star</marc:subfield>
    </marc:datafield>
    <marc:datafield tag="506" ind1="0" ind2=" ">
      <marc:subfield code="a">Open Access</marc:subfield>
      <marc:subfield code="f">Unrestricted online access</marc:subfield>
      <marc:subfield code="u">http://purl.org/coar/access_right/c_abf2</marc:subfield>
      <marc:subfield code="2">star</marc:subfield>
    </marc:datafield>
    <marc:datafield tag="520" ind1=" " ind2=" ">
      <marc:subfield code="a">Abstract: Arbeit ist mehr als das - "halbe Leben". Gerade in Arbeiterlebensgeschichten wird die zentrale Funktion der Arbeitserfahrung für den biographischen Verlauf und für die Identität des Erzählers deutlich. Das ist das Ergebnis einer qualitativen Untersuchung autobiographischer Erzählungen von Arbeiterinnen und Arbeitern, die skeptisch macht gegenüber den "antiproduktivistischen" Modethesen der zeitgenössischen Soziologie; die allerdings zugleich für eine Erweiterung des traditionellen Arbeitsbegriffs plädiert. Bemerkenswert ist schließlich, daß die Untersuchung den aufwendigen methodischen Zugang zu ihrem Forschungsmaterial besonders sorgfältig dokumentiert. Damit wird sie - über ihre wissenschaftliche Fragestellung hinaus - zu einer exemplarischen Einführung in die "biographische Forschung"</marc:subfield>
    </marc:datafield>
    <marc:datafield tag="540" ind1=" " ind2=" ">
      <marc:subfield code="a">Deposit Licence - Keine Weiterverbreitung, keine Bearbeitung</marc:subfield>
      <marc:subfield code="u">https://www.gesis.org/en/ssoar/home/information/grant-of-licences</marc:subfield>
    </marc:datafield>
    <marc:datafield tag="583" ind1="1" ind2=" ">
      <marc:subfield code="a">Archivierung/Langzeitarchivierung gewährleistet</marc:subfield>
      <marc:subfield code="5">DE-101</marc:subfield>
      <marc:subfield code="2">pdager</marc:subfield>
    </marc:datafield>
    <marc:datafield tag="650" ind1=" " ind2="7">
      <marc:subfield code="a">Arbeitswelt</marc:subfield>
      <marc:subfield code="2">local</marc:subfield>
    </marc:datafield>
    <marc:datafield tag="650" ind1=" " ind2="7">
      <marc:subfield code="a">Arbeitsbedingungen</marc:subfield>
      <marc:subfield code="2">local</marc:subfield>
    </marc:datafield>
    <marc:datafield tag="650" ind1=" " ind2="7">
      <marc:subfield code="a">Arbeiter</marc:subfield>
      <marc:subfield code="2">local</marc:subfield>
    </marc:datafield>
    <marc:datafield tag="650" ind1=" " ind2="7">
      <marc:subfield code="a">Lohnarbeit</marc:subfield>
      <marc:subfield code="2">local</marc:subfield>
    </marc:datafield>
    <marc:datafield tag="650" ind1=" " ind2="7">
      <marc:subfield code="a">Erzählen</marc:subfield>
      <marc:subfield code="2">local</marc:subfield>
    </marc:datafield>
    <marc:datafield tag="650" ind1=" " ind2="7">
      <marc:subfield code="a">Autobiographie</marc:subfield>
      <marc:subfield code="2">local</marc:subfield>
    </marc:datafield>
    <marc:datafield tag="650" ind1=" " ind2="7">
      <marc:subfield code="a">Arbeits- und Lebensbedingungen</marc:subfield>
      <marc:subfield code="2">local</marc:subfield>
    </marc:datafield>
    <marc:datafield tag="650" ind1=" " ind2="7">
      <marc:subfield code="a">Arbeiter</marc:subfield>
      <marc:subfield code="x">Länder, Gebiete, Völker // Bundesrepublik Deutschland</marc:subfield>
      <marc:subfield code="2">local</marc:subfield>
    </marc:datafield>
    <marc:datafield tag="650" ind1=" " ind2="7">
      <marc:subfield code="8">4\p</marc:subfield>
      <marc:subfield code="0">(DE-588)4112560-5</marc:subfield>
      <marc:subfield code="0">https://d-nb.info/gnd/4112560-5</marc:subfield>
      <marc:subfield code="0">(DE-101)041125606</marc:subfield>
      <marc:subfield code="a">Arbeiter</marc:subfield>
      <marc:subfield code="2">gnd</marc:subfield>
    </marc:datafield>
    <marc:datafield tag="650" ind1=" " ind2="7">
      <marc:subfield code="8">5\p</marc:subfield>
      <marc:subfield code="0">(DE-588)4002805-7</marc:subfield>
      <marc:subfield code="0">https://d-nb.info/gnd/4002805-7</marc:subfield>
      <marc:subfield code="0">(DE-101)040028054</marc:subfield>
      <marc:subfield code="a">Arbeitswelt</marc:subfield>
      <marc:subfield code="2">gnd</marc:subfield>
    </marc:datafield>
    <marc:datafield tag="650" ind1=" " ind2="7">
      <marc:subfield code="8">6\p</marc:subfield>
      <marc:subfield code="0">(DE-588)4052309-3</marc:subfield>
      <marc:subfield code="0">https://d-nb.info/gnd/4052309-3</marc:subfield>
      <marc:subfield code="0">(DE-101)040523098</marc:subfield>
      <marc:subfield code="a">Schichtarbeit</marc:subfield>
      <marc:subfield code="2">gnd</marc:subfield>
    </marc:datafield>
    <marc:datafield tag="650" ind1=" " ind2="7">
      <marc:subfield code="8">8\p</marc:subfield>
      <marc:subfield code="0">(DE-588)4002805-7</marc:subfield>
      <marc:subfield code="0">https://d-nb.info/gnd/4002805-7</marc:subfield>
      <marc:subfield code="0">(DE-101)040028054</marc:subfield>
      <marc:subfield code="a">Arbeitswelt</marc:subfield>
      <marc:subfield code="2">gnd</marc:subfield>
    </marc:datafield>
    <marc:datafield tag="650" ind1=" " ind2="7">
      <marc:subfield code="8">9\p</marc:subfield>
      <marc:subfield code="0">(DE-588)4002641-3</marc:subfield>
      <marc:subfield code="0">https://d-nb.info/gnd/4002641-3</marc:subfield>
      <marc:subfield code="0">(DE-101)040026418</marc:subfield>
      <marc:subfield code="a">Arbeitsbedingungen</marc:subfield>
      <marc:subfield code="2">gnd</marc:subfield>
    </marc:datafield>
    <marc:datafield tag="650" ind1=" " ind2="7">
      <marc:subfield code="8">10\p</marc:subfield>
      <marc:subfield code="0">(DE-588)4112560-5</marc:subfield>
      <marc:subfield code="0">https://d-nb.info/gnd/4112560-5</marc:subfield>
      <marc:subfield code="0">(DE-101)041125606</marc:subfield>
      <marc:subfield code="a">Arbeiter</marc:subfield>
      <marc:subfield code="2">gnd</marc:subfield>
    </marc:datafield>
    <marc:datafield tag="650" ind1=" " ind2="7">
      <marc:subfield code="8">11\p</marc:subfield>
      <marc:subfield code="0">(DE-588)4036230-9</marc:subfield>
      <marc:subfield code="0">https://d-nb.info/gnd/4036230-9</marc:subfield>
      <marc:subfield code="0">(DE-101)040362302</marc:subfield>
      <marc:subfield code="a">Lohnarbeit</marc:subfield>
      <marc:subfield code="2">gnd</marc:subfield>
    </marc:datafield>
    <marc:datafield tag="650" ind1=" " ind2="7">
      <marc:subfield code="8">12\p</marc:subfield>
      <marc:subfield code="0">(DE-588)4132307-5</marc:subfield>
      <marc:subfield code="0">https://d-nb.info/gnd/4132307-5</marc:subfield>
      <marc:subfield code="0">(DE-101)041323076</marc:subfield>
      <marc:subfield code="a">Erzählen</marc:subfield>
      <marc:subfield code="2">gnd</marc:subfield>
    </marc:datafield>
    <marc:datafield tag="650" ind1=" " ind2="7">
      <marc:subfield code="8">13\p</marc:subfield>
      <marc:subfield code="0">(DE-588)4003939-0</marc:subfield>
      <marc:subfield code="0">https://d-nb.info/gnd/4003939-0</marc:subfield>
      <marc:subfield code="0">(DE-101)040039390</marc:subfield>
      <marc:subfield code="a">Autobiografie</marc:subfield>
      <marc:subfield code="2">gnd</marc:subfield>
    </marc:datafield>
    <marc:datafield tag="651" ind1=" " ind2="7">
      <marc:subfield code="8">7\p</marc:subfield>
      <marc:subfield code="0">(DE-588)4008135-7</marc:subfield>
      <marc:subfield code="0">https://d-nb.info/gnd/4008135-7</marc:subfield>
      <marc:subfield code="0">(DE-101)040081354</marc:subfield>
      <marc:subfield code="a">Bremen</marc:subfield>
      <marc:subfield code="2">gnd</marc:subfield>
    </marc:datafield>
    <marc:datafield tag="653" ind1=" " ind2="0">
      <marc:subfield code="a">(thesoz)Lohnarbeit</marc:subfield>
    </marc:datafield>
    <marc:datafield tag="653" ind1=" " ind2="0">
      <marc:subfield code="a">(thesoz)Arbeit</marc:subfield>
    </marc:datafield>
    <marc:datafield tag="653" ind1=" " ind2="0">
      <marc:subfield code="a">(thesoz)Kapitalismus</marc:subfield>
    </marc:datafield>
    <marc:datafield tag="653" ind1=" " ind2="0">
      <marc:subfield code="a">(thesoz)Arbeitswelt</marc:subfield>
    </marc:datafield>
    <marc:datafield tag="653" ind1=" " ind2="0">
      <marc:subfield code="a">(thesoz)Arbeiterberuf</marc:subfield>
    </marc:datafield>
    <marc:datafield tag="653" ind1=" " ind2="0">
      <marc:subfield code="a">(thesoz)Arbeiter</marc:subfield>
    </marc:datafield>
    <marc:datafield tag="653" ind1=" " ind2="0">
      <marc:subfield code="a">(thesoz)Subjektivität</marc:subfield>
    </marc:datafield>
    <marc:datafield tag="653" ind1=" " ind2="0">
      <marc:subfield code="a">(thesoz)qualitative Methode</marc:subfield>
    </marc:datafield>
    <marc:datafield tag="653" ind1=" " ind2="0">
      <marc:subfield code="a">(thesoz)Biographie</marc:subfield>
    </marc:datafield>
    <marc:datafield tag="653" ind1=" " ind2="0">
      <marc:subfield code="a">(thesoz)Alltag</marc:subfield>
    </marc:datafield>
    <marc:datafield tag="653" ind1=" " ind2=" ">
      <marc:subfield code="a">qualitative Methoden</marc:subfield>
    </marc:datafield>
    <marc:datafield tag="655" ind1=" " ind2="7">
      <marc:subfield code="8">1\p</marc:subfield>
      <marc:subfield code="0">(DE-588)4003939-0</marc:subfield>
      <marc:subfield code="0">https://d-nb.info/gnd/4003939-0</marc:subfield>
      <marc:subfield code="0">(DE-101)040039390</marc:subfield>
      <marc:subfield code="a">Autobiografie</marc:subfield>
      <marc:subfield code="2">gnd-content</marc:subfield>
    </marc:datafield>
    <marc:datafield tag="700" ind1="1" ind2=" ">
      <marc:subfield code="8">3\p</marc:subfield>
      <marc:subfield code="0">(DE-588)120387468</marc:subfield>
      <marc:subfield code="0">https://d-nb.info/gnd/120387468</marc:subfield>
      <marc:subfield code="0">(DE-101)120387468</marc:subfield>
      <marc:subfield code="a">Dausien, Bettina</marc:subfield>
      <marc:subfield code="e">Verfasser</marc:subfield>
      <marc:subfield code="4">aut</marc:subfield>
      <marc:subfield code="2">gnd</marc:subfield>
    </marc:datafield>
    <marc:datafield tag="776" ind1="0" ind2="8">
      <marc:subfield code="i">Erscheint auch als</marc:subfield>
      <marc:subfield code="n">Druck-Ausgabe</marc:subfield>
      <marc:subfield code="a">Alheit, Peter, 1946-</marc:subfield>
      <marc:subfield code="t">Arbeitsleben</marc:subfield>
      <marc:subfield code="d">Frankfurt/Main ; New York : Campus-Verlag, 1985</marc:subfield>
      <marc:subfield code="h">322 S., graph. Darst.</marc:subfield>
      <marc:subfield code="w">(DE-101)850408334</marc:subfield>
    </marc:datafield>
    <marc:datafield tag="850" ind1=" " ind2=" ">
      <marc:subfield code="a">DE-101a</marc:subfield>
      <marc:subfield code="a">DE-101b</marc:subfield>
    </marc:datafield>
    <marc:datafield tag="856" ind1="4" ind2="0">
      <marc:subfield code="u">https://nbn-resolving.org/urn:nbn:de:0168-ssoar-27761</marc:subfield>
      <marc:subfield code="x">Resolving-System</marc:subfield>
    </marc:datafield>
    <marc:datafield tag="856" ind1=" " ind2="0">
      <marc:subfield code="u">https://d-nb.info/119217593X/34</marc:subfield>
      <marc:subfield code="x">Langzeitarchivierung Nationalbibliothek</marc:subfield>
    </marc:datafield>
    <marc:datafield tag="856" ind1="4" ind2=" ">
      <marc:subfield code="q">application/pdf</marc:subfield>
      <marc:subfield code="s"> bytes</marc:subfield>
      <marc:subfield code="u">http://www.ssoar.info/ssoar/handle/document/2776</marc:subfield>
    </marc:datafield>
    <marc:datafield tag="883" ind1=" " ind2=" ">
      <marc:subfield code="8">1\p</marc:subfield>
      <marc:subfield code="a">cgwrk</marc:subfield>
      <marc:subfield code="d">20250801</marc:subfield>
      <marc:subfield code="q">DE-101</marc:subfield>
      <marc:subfield code="u">https://d-nb.info/provenance/plan#cgwrk</marc:subfield>
    </marc:datafield>
    <marc:datafield tag="883" ind1=" " ind2=" ">
      <marc:subfield code="8">2\p</marc:subfield>
      <marc:subfield code="a">cgwrk</marc:subfield>
      <marc:subfield code="d">20210314</marc:subfield>
      <marc:subfield code="q">DE-101</marc:subfield>
      <marc:subfield code="u">https://d-nb.info/provenance/plan#cgwrk</marc:subfield>
    </marc:datafield>
    <marc:datafield tag="883" ind1=" " ind2=" ">
      <marc:subfield code="8">3\p</marc:subfield>
      <marc:subfield code="a">cgwrk</marc:subfield>
      <marc:subfield code="d">20210314</marc:subfield>
      <marc:subfield code="q">DE-101</marc:subfield>
      <marc:subfield code="u">https://d-nb.info/provenance/plan#cgwrk</marc:subfield>
    </marc:datafield>
    <marc:datafield tag="883" ind1="0" ind2=" ">
      <marc:subfield code="8">4\p</marc:subfield>
      <marc:subfield code="a">aepgnd</marc:subfield>
      <marc:subfield code="c">0,24899</marc:subfield>
      <marc:subfield code="d">20190805</marc:subfield>
      <marc:subfield code="q">DE-101</marc:subfield>
      <marc:subfield code="u">https://d-nb.info/provenance/plan#aepgnd</marc:subfield>
    </marc:datafield>
    <marc:datafield tag="883" ind1="0" ind2=" ">
      <marc:subfield code="8">5\p</marc:subfield>
      <marc:subfield code="a">aepgnd</marc:subfield>
      <marc:subfield code="c">0,18627</marc:subfield>
      <marc:subfield code="d">20190805</marc:subfield>
      <marc:subfield code="q">DE-101</marc:subfield>
      <marc:subfield code="u">https://d-nb.info/provenance/plan#aepgnd</marc:subfield>
    </marc:datafield>
    <marc:datafield tag="883" ind1="0" ind2=" ">
      <marc:subfield code="8">6\p</marc:subfield>
      <marc:subfield code="a">aepgnd</marc:subfield>
      <marc:subfield code="c">0,02866</marc:subfield>
      <marc:subfield code="d">20190805</marc:subfield>
      <marc:subfield code="q">DE-101</marc:subfield>
      <marc:subfield code="u">https://d-nb.info/provenance/plan#aepgnd</marc:subfield>
    </marc:datafield>
    <marc:datafield tag="883" ind1="0" ind2=" ">
      <marc:subfield code="8">7\p</marc:subfield>
      <marc:subfield code="a">aepgnd</marc:subfield>
      <marc:subfield code="c">0,01070</marc:subfield>
      <marc:subfield code="d">20190805</marc:subfield>
      <marc:subfield code="q">DE-101</marc:subfield>
      <marc:subfield code="u">https://d-nb.info/provenance/plan#aepgnd</marc:subfield>
    </marc:datafield>
    <marc:datafield tag="883" ind1="1" ind2=" ">
      <marc:subfield code="8">8\p</marc:subfield>
      <marc:subfield code="a">kasw-pa</marc:subfield>
      <marc:subfield code="c">1,000</marc:subfield>
      <marc:subfield code="d">20250309</marc:subfield>
      <marc:subfield code="q">DE-101</marc:subfield>
      <marc:subfield code="u">https://d-nb.info/provenance/plan#kasw-pa</marc:subfield>
    </marc:datafield>
    <marc:datafield tag="883" ind1="1" ind2=" ">
      <marc:subfield code="8">9\p</marc:subfield>
      <marc:subfield code="a">kasw-pa</marc:subfield>
      <marc:subfield code="c">1,000</marc:subfield>
      <marc:subfield code="d">20250309</marc:subfield>
      <marc:subfield code="q">DE-101</marc:subfield>
      <marc:subfield code="u">https://d-nb.info/provenance/plan#kasw-pa</marc:subfield>
    </marc:datafield>
    <marc:datafield tag="883" ind1="1" ind2=" ">
      <marc:subfield code="8">10\p</marc:subfield>
      <marc:subfield code="a">kasw-pa</marc:subfield>
      <marc:subfield code="c">1,000</marc:subfield>
      <marc:subfield code="d">20250309</marc:subfield>
      <marc:subfield code="q">DE-101</marc:subfield>
      <marc:subfield code="u">https://d-nb.info/provenance/plan#kasw-pa</marc:subfield>
    </marc:datafield>
    <marc:datafield tag="883" ind1="1" ind2=" ">
      <marc:subfield code="8">11\p</marc:subfield>
      <marc:subfield code="a">kasw-pa</marc:subfield>
      <marc:subfield code="c">1,000</marc:subfield>
      <marc:subfield code="d">20250309</marc:subfield>
      <marc:subfield code="q">DE-101</marc:subfield>
      <marc:subfield code="u">https://d-nb.info/provenance/plan#kasw-pa</marc:subfield>
    </marc:datafield>
    <marc:datafield tag="883" ind1="1" ind2=" ">
      <marc:subfield code="8">12\p</marc:subfield>
      <marc:subfield code="a">kasw-pa</marc:subfield>
      <marc:subfield code="c">1,000</marc:subfield>
      <marc:subfield code="d">20250309</marc:subfield>
      <marc:subfield code="q">DE-101</marc:subfield>
      <marc:subfield code="u">https://d-nb.info/provenance/plan#kasw-pa</marc:subfield>
    </marc:datafield>
    <marc:datafield tag="883" ind1="1" ind2=" ">
      <marc:subfield code="8">13\p</marc:subfield>
      <marc:subfield code="a">kasw-pa</marc:subfield>
      <marc:subfield code="c">1,000</marc:subfield>
      <marc:subfield code="d">20250309</marc:subfield>
      <marc:subfield code="q">DE-101</marc:subfield>
      <marc:subfield code="u">https://d-nb.info/provenance/plan#kasw-pa</marc:subfield>
    </marc:datafield>
    <marc:datafield tag="883" ind1="0" ind2=" ">
      <marc:subfield code="8">14\p</marc:subfield>
      <marc:subfield code="a">aepkn</marc:subfield>
      <marc:subfield code="c">0,97409</marc:subfield>
      <marc:subfield code="d">20190805</marc:subfield>
      <marc:subfield code="q">DE-101</marc:subfield>
      <marc:subfield code="u">https://d-nb.info/provenance/plan#aepkn</marc:subfield>
    </marc:datafield>
    <marc:datafield tag="925" ind1="r" ind2=" ">
      <marc:subfield code="a">ro</marc:subfield>
      <marc:subfield code="a">rb</marc:subfield>
    </marc:datafield>
    <marc:datafield tag="927" ind1=" " ind2=" ">
      <marc:subfield code="a">59572244</marc:subfield>
    </marc:datafield>
  </marc:record>
</marc:collection>
